| 000 | 00520nam a22001697a 4500 | ||
|---|---|---|---|
| 008 | 151014b xxu||||| |||| 00| 0 eng d | ||
| 020 | _a9780073406138 | ||
| 050 | _aQA 152.3 .A94 2008 | ||
| 100 |
_aBaratto Stefan _d2008 |
||
| 245 |
_aIntermediate algebra/ _cStefan Baratto. |
||
| 260 |
_aNew york, _bMcGraw-Hill, _c2008 |
||
| 300 |
_axxiii,1060p.: ill. _bIncludes Index. |
||
| 650 | _aAlgebra | ||
| 700 | _aKelly Kaiser kohlmetz | ||
| 700 | _aBarry Bergman | ||
| 942 |
_2lcc _cBOOKS _hQA 152.3 .A94 2008 |
||
| 999 |
_c8851 _d8851 |
||